| 000 | 00668nam a2200217 a 4500 | ||
|---|---|---|---|
| 999 |
_c12220 _d12220 |
||
| 001 | 12220 | ||
| 003 | BD-JhCC | ||
| 005 | 20210426120915.0 | ||
| 008 | 210426b1965 bg |||| ||a| 000 0 ben d | ||
| 035 | _a(BD-JhCC)12220 | ||
| 040 |
_aBD-JhCC _dBD-JhCC |
||
| 041 | _aBengali | ||
| 082 |
_a954.2 _bMAH 1965 |
||
| 100 | _aমাহমুদ, মোশফেকা | ||
| 245 |
_aপত্রে রোকেয়া পরিচিতি / _cমোশফেকা মাহমুদ । |
||
| 260 |
_aঢাকা: _bবাঙলা একাডেমী; _c১৯৬৫. |
||
| 300 |
_a47 p. : _c20 cm. |
||
| 650 | _aBiography. | ||
| 942 |
_2ddc _cBK |
||